From deep to surface structure: an introduction to trnsformational syntax

Сохранить в:
Библиографические подробности
Главный автор: Burt, Marina
Формат:
Язык:Undetermined
Опубликовано: New York, Estados Unidos Harper and Row 1971
Предметы:
Метки: Добавить метку
Нет меток, Требуется 1-ая метка записи!

MARC

LEADER 00000nam a2200000Ia 4500
008 170316s9999 xx 000 0 und d
090 |a 415-I B-18f 
100 |a Burt, Marina 
245 |a From deep to surface structure: an introduction to trnsformational syntax 
260 |a New York, Estados Unidos 
260 |b Harper and Row 
260 |c 1971 
300 |a 256 páginas 
650 |a GRAMÁTICA INGLESA 
999 |c 19307  |d 19307 
040 |a cru BVZT 
942 |c 15 D  |h 415-I B-18f  |2 z